000 00679nam a2200193Ii 4500
003 JO-AjNU
008 230605s9999||||xx |||||||||||||| ||und||
040 _aJO-AjNU
_bara
_erda
_cJO-AjNU
041 _aara
050 1 4 _aLG395.2014
100 3 _aجامعة البلقاء التطبيقية,
_eauthor
_951177
245 0 0 _aفرسان البلقاء: الفوج الخامس عشر، 2014-2015
264 3 1 _aد،م: د،ن، 2014
300 _a575ص
336 _atext
_btxt
_2rdacontent
337 _aunmediated
_bn
_2rdamedia
338 _avolume
_bnc
_2rdacarrier
650 4 _aجامعة البلقاء التطبيقية -- الاردن -- الكتاب السنوي
_951178
999 _aA22589
_c26157
_d26157